Osnovnyje izmenenija vo vnešnej torgovle SŠA v 80-e gody.
Tempá rastu zahraničnoobchodného obratu USA v bežných cenách. Zmeny v geografickom rozdelení tovarového obratu USA. Rýchly rast importu v posledných 10 rokoch. Rast úlohy dovozu strojov a zariadení. Expanzia exportu v niektorých druhoch tovaru (dopravné prostriedky, telekomunikačné zariadenia a i.)....
Guardado en:
| Autor principal: | |
|---|---|
| Formato: | Capítulo de libro |
| Lenguaje: | ruso |
| Materias: | |
| Etiquetas: |
Sin Etiquetas, Sea el primero en etiquetar este registro!
|
MARC
| LEADER | 00000naa a2200000 4500 | ||
|---|---|---|---|
| 001 | r004654 | ||
| 005 | 20221208123211.5 | ||
| 041 | 0 | |a rus | |
| 044 | |a [SU] | ||
| 245 | 1 | 0 | |a Osnovnyje izmenenija vo vnešnej torgovle SŠA v 80-e gody. |c V. Naborov |
| 520 | |a Tempá rastu zahraničnoobchodného obratu USA v bežných cenách. Zmeny v geografickom rozdelení tovarového obratu USA. Rýchly rast importu v posledných 10 rokoch. Rast úlohy dovozu strojov a zariadení. Expanzia exportu v niektorých druhoch tovaru (dopravné prostriedky, telekomunikačné zariadenia a i.). Rast vonkajšej zadlženosti. Opatrenia vlády na zvýšenie konkurencieschopnosti exportérov. | ||
| 610 | 2 | 0 | |a obchod zahraničný |
| 610 | 2 | 0 | |a USA |
| 610 | 2 | 0 | |a 1980-1989 |
| 610 | 2 | 0 | |a dovoz |
| 610 | 2 | 0 | |a vývoz |
| 610 | 2 | 0 | |a obrat obchodu zahraničného |
| 610 | 2 | 0 | |a obrat tovaru |
| 610 | 2 | 0 | |a konkurencieschopnosť |
| 100 | 1 | |a Naborov, V. | |